Normal view
MARC view
Entry Personal Name
001 - CONTROL NUMBER
- control field: 76010
003 - CONTROL NUMBER IDENTIFIER
- control field: dpl
005 - DATE AND TIME OF LATEST TRANSACTION
- control field: 20250107143811.0
008 - FIXED-LENGTH DATA ELEMENTS
- fixed length control field: 250107|| aca||aabn | a|a d
040 ## - CATALOGING SOURCE
- Original cataloging agency: dpl
- Transcribing agency: dpl
100 ## - HEADING--PERSONAL NAME
- Personal name: मिश्र, श्याम नारायण
670 ## - SOURCE DATA FOUND
- Source citation: Work cat.: (dpl)193993: मिश्र, श्याम नारायण, स्वाधीनता आंदाेलन की प्रमुख वीरांगनाएं /, 2022
